<?xml version="1.0" encoding="UTF-8"?>
<collection xmlns="http://www.loc.gov/MARC21/slim">
  <record>
    <leader>00000nam  2200000   4500</leader>
    <controlfield tag="001">INLIS000000000020162</controlfield>
    <controlfield tag="005">20250523025346</controlfield>
    <datafield tag="035" ind1="#" ind2="#">
      <subfield code="a">0010-0525000245</subfield>
    </datafield>
    <controlfield tag="007">ta</controlfield>
    <controlfield tag="008">250523################|##########|#|##</controlfield>
    <datafield tag="084" ind1="#" ind2="#">
      <subfield code="a">R 0105 PKN II 2024</subfield>
    </datafield>
    <datafield tag="100" ind1=" " ind2="#">
      <subfield code="a">Pipit Helly Sorayah</subfield>
    </datafield>
    <datafield tag="245" ind1="1" ind2="#">
      <subfield code="a">Transformasi Budaya Digital Melalui Sistem Terintegrasi /</subfield>
      <subfield code="c">Pipit Helly Sorayah</subfield>
    </datafield>
    <datafield tag="250" ind1="#" ind2="#">
      <subfield code="a">1</subfield>
    </datafield>
    <datafield tag="260" ind1="#" ind2="#">
      <subfield code="a">Jakarta :</subfield>
      <subfield code="b">Pusbangkom Pimnas,</subfield>
      <subfield code="c">2024</subfield>
    </datafield>
    <datafield tag="300" ind1="#" ind2="#">
      <subfield code="a">300 :</subfield>
      <subfield code="b">ilus ;</subfield>
      <subfield code="c">29 x 21 x 3</subfield>
    </datafield>
    <datafield tag="650" ind1="#" ind2="4">
      <subfield code="a">Digitalisasi Data</subfield>
    </datafield>
    <datafield tag="520" ind1="#" ind2="#">
      <subfield code="a">Salah satu output utama neraca pengeluaran adalah NIT yang merupakan kerangka kerja&#13;
statistik ekonomi yang komprehensif, konsisten, dan terintegrasi mencakup seluruh aktivitas&#13;
pelaku ekonomi di Indonesia. NIT menggambarkan hubungan antar sektor institusi residen (rumah&#13;
tangga, LNPRT, pemerintah, dan perusahaan) dalam suatu perekonomian, serta hubungannya&#13;
dengan nonresiden (luar negeri). Sebagai suatu kerangka neraca nasional yang lengkap, NIT&#13;
merupakan sumber data makro dalam penyusunan statistik ekonomi yang lebih detil dan&#13;
spesifik seperti SNSE, Matriks PMTB, dan NTA. SNSE menyediakan data yang menggambarkan&#13;
keterkaitan antara kinerja perekonomian, distribusi pendapatan, dan ketenagakerjaan. NTA&#13;
menyediakan perhitungan arus ekonomi ke dan dari penduduk suatu negara yang diklasifikasikan&#13;
berdasarkan usia sehingga memberikan pendekatan yang komprehensif untuk mengukur arus&#13;
ekonomi dari perspektif generasi. Sementara matriks PMTB menampilkan investasi berupa&#13;
pembentukan aset tetap berdasarkan lapangan usaha, unit institusi, dan jenis aset tetap.&#13;
Keempat output tersebut menghasilkan berbagai indikator makro yang sangat penting dalam&#13;
proses pengambilan kebijakan perekonomian.&#13;
Kebutuhan data NIT tidak hanya berasal dari domestik, namun juga internasional.&#13;
Dengan demikian, pemenuhan data NIT akan meningkatkan peran BPS di domestik dan&#13;
global. Penyediaan NIT menjadi salah satu barometer kepatuhan Indonesia sebagai anggota&#13;
G20 terhadap rekomendasi Data Gaps Initiative-2 yang dipantau secara internasional melalui&#13;
International Monetary Fund (IMF). Lebih lanjut, penyediaan NIT yang tepat waktu juga akan&#13;
mendukung aksesi Indonesia sebagai anggota Organisation for Economic Co-operation and&#13;
Development (OECD).&#13;
&#13;
NITI NGANTI TUNTAS&#13;
&#13;
Transformasi Budaya Digital Melalui Sistem Terintegrasi&#13;
EXECUTIVE SUMMARY&#13;
&#13;
viii&#13;
Mengingat perannya yang signifikan sebagai kerangka kerja neraca nasional, penyediaan&#13;
data NIT yang tepat waktu menjadi krusial karena memberikan efek domino terhadap&#13;
keberlanjutan dan ketepatan waktu penyediaan output neraca pengeluaran lainnya yang&#13;
berbasis NIT. Dengan adanya perkembangan teknologi yang semakin maju, memungkinkan&#13;
dibangunnya sebuah sistem yang terintegrasi dari hulu sampai hilir sebagai sarana otomasi&#13;
penyusunan NIT sehingga terjadi akselerasi proses penyusunan hingga rilis data. Tidak hanya&#13;
NIT namun juga output neraca pengeluaran lainnya. Untuk menunjang keberhasilan hal tersebut,&#13;
maka dikembangkanlah strategi dan upaya percepatan penyusunan NIT dengan memanfaatkan&#13;
perkembangan teknologi melalui NITI Nganti Tuntas.</subfield>
    </datafield>
    <datafield tag="856" ind1="#" ind2="#">
      <subfield code="a">Perpustakaan Pusat LAN</subfield>
    </datafield>
    <datafield tag="990" ind1="#" ind2="#">
      <subfield code="a">2024/1.2,2/A/0105</subfield>
    </datafield>
  </record>
</collection>
